|
|
|
|
| LEADER |
00000cam a2200000 a 4500 |
| 001 |
vtls010090032 |
| 003 |
SK-MaSNL |
| 005 |
20260301083717.0 |
| 008 |
240318s2007 xr oal f n 001 0dcze |
| 015 |
|
|
|a SNBZSA2011-00228
|
| 020 |
|
|
|a 9788073110925
|q (viaz.)
|
| 035 |
|
|
|a 04670ACE-937E-4F5B-B590-BC168BF9E426
|
| 035 |
|
|
|a urn:nbn:sk:snk-amletf
|
| 035 |
|
|
|a urn:nbn:sk:snk-am008ytx
|
| 040 |
|
|
|a SNK
|b slo
|c SNK
|e AACR2
|
| 041 |
0 |
|
|a cze
|
| 044 |
|
|
|a xr
|c CZ
|
| 072 |
|
7 |
|a 616
|x Patológia. Klinická medicína
|2 konspekt
|
| 080 |
|
|
|a 616.28
|2 2001
|
| 080 |
|
|
|a 616.288
|2 2001
|
| 080 |
|
|
|a (048.8)
|2 2001
|
| 100 |
1 |
|
|a Mejzlík, Jan,
|d 1974-
|4 aut
|9 411011
|
| 245 |
1 |
0 |
|a Zevní zvukovod
|c Jan Mejzlík, Karel Pokorný a kolektiv ; editor Viktor Chrobok ; [ilustrace Josef Bavor]
|
| 250 |
|
|
|a 1. vyd.
|
| 260 |
|
|
|a Havlíčkův Brod
|b TOBIÁŠ
|c 2007
|
| 300 |
|
|
|a 270 s.
|b ilustr. (niektoré fareb.)
|c 22 cm
|
| 490 |
1 |
|
|a Medicína hlavy a krku
|
| 500 |
|
|
|a Terminologický slovník
|
| 500 |
|
|
|a Slov. spoluaut. Silvia Krempaská
|
| 504 |
|
|
|a Obsahuje bibliogr. Reg.
|
| 650 |
0 |
7 |
|a choroby ucha
|2 SNKPH
|9 1158
|
| 650 |
0 |
7 |
|a vonkajší zvukovod
|2 SNKPH
|9 202630
|
| 655 |
|
7 |
|a monografie
|2 SNKPH
|9 70139
|
| 700 |
1 |
|
|a Pokorný, Karel,
|d 1973-
|4 aut
|9 411012
|
| 700 |
1 |
|
|a Bavor, Josef,
|d 1944-
|4 ill
|9 411013
|
| 700 |
1 |
|
|a Krempaská, Silvia
|4 aut
|9 411014
|
| 830 |
|
0 |
|a Medicína hlavy a krku
|9 411015
|
| 919 |
|
|
|a 978-80-7311-092-5
|
| 958 |
|
|
|a ZS
|
| 958 |
|
|
|a MI
|
| 958 |
|
|
|a NB
|
| 999 |
|
|
|c 661297
|d 663227
|
| 952 |
|
|
|a SNK
|b SNK
|y PREZ
|7 0
|p 17A0681489
|o snkSC 143180
|i snk2010/27273
|8 4
|g 15.74
|0 0
|1 0
|4 0
|d 2010-08-19
|l 0
|r 2025-07-11 00:00:00
|w 2026-02-23
|
| 952 |
|
|
|a SNK
|b SNK
|y VYP
|7 0
|p 17A0710946
|o snkSC 143180 D1
|i snk2011/17803
|8 4
|g 16.10
|0 0
|1 0
|4 0
|d 2011-07-28
|f 1
|l 0
|r 2026-02-23 18:53:52
|w 2026-02-23
|